| 000 | 00613nam a2200193 a 4500 | ||
|---|---|---|---|
| 005 | 20231027063629.0 | ||
| 008 | 070822s2004 mx r 000 0 spa d | ||
| 020 | _a847658685X | ||
| 035 | _aUPN01000151237 | ||
| 049 | _aCG | ||
| 050 | 4 |
_aB485 _bT7.3 |
|
| 100 | 1 | _aTrueba Atienza, Carmen | |
| 245 | 1 | 0 |
_aEtica y tragedia en Aristóteles / _cCarmen Trueba. |
| 260 |
_aBarcelona, Esp. : _bAnthropos ; _aMéxico : _bUAM-Iztapalapa, _c2004. |
||
| 300 | _a158 p. | ||
| 440 | 0 |
_aAutores, textos y temas. _pFilosofía ; _v54 |
|
| 600 | 0 | 4 |
_aAristóteles, _d384-322 A.C. _xCrítica e interpretación _96910 |
| 905 | _aLibro | ||
| 999 |
_c123375 _d123375 |
||